000
00328nam a22001337a 4500
008
181029b xxu||||| |||| 00| 0 eng d
020
_a
2740208377372
041
_a
eng
080
_2
7 ED
_a
370
100
_a
48
101
_a
edu
245
_a
Instrucion Of Students With Severe Disabilities
_c
Snell.M.E
942
_2
udc
_c
BK
999
_c
50984
_d
50984